000 00497nam a2200181Ia 4500
999 _c28375
_d28375
003 OSt
005 20201202112317.0
008 190216s9999||||xx |||||||||||||| ||und||
020 _a9788130000015
040 _coclc
082 _a894.8123
_bKAK/P
100 _aKakkanadan, G V
_96639
245 0 _aParankimala /
_cG V Kakkanadan
260 _bPoorna Pubs,
_a Kozhikode:
_c2003.
300 _a228p
650 _aNovel
942 _cBK
_2ddc
_h894.8123
_iKAK/P
_k894.8123
_mKAK/P